Statistics for German Scientist, Football Player, or Politician

Click here to take the quiz!

General Stats

  • This quiz has been taken 26 times
  • The average score is 12 of 15

Answer Stats

QuestionAnswer% Correct
Werner HeisenbergScientist
100%
Konrad AdenauerPolitician
96%
Robert BunsenScientist
96%
Christoph KramerFootball Player
92%
Paul von HindenburgPolitician
88%
Stefan EffenbergFootball Player
85%
Alexander von HumboldtScientist
85%
Paul BreitnerFootball Player
81%
Sigmar GabrielPolitician
81%
Paul EhrlichScientist
69%
Hans-Hubert VogtsFootball Player
65%
Philipp ScheidemannPolitician
65%
Hans-Dietrich GenscherPolitician
58%
Karl-Heinz SchnellingerFootball Player
54%
Otto HahnScientist
46%

Score Distribution

Percentile by Number Answered

Percent of People with Each Score

Your Score History

You have not taken this quiz